00863cam a2200253 i 45000010009000000050017000090080041000260200015000670200018000820400013001000820022001131000025001352450197001602500012003572600032003693000027004015000027004286500022004556500025004776500022005026500025005247000030005497000030005791740448920200909162023.0120727s2014 at b 001 0 eng  a1133936792 a9781133936794 cPK-LaUMT04a378.12223bSVI-M1 aSvinicki, Marilla D.10aMcKeachie's teaching tips :bstrategies, research, and theory for college and university teachers /cby Marilla D. Svinicki & Wilbert J. McKeachie ; with chapters by David Nicol [and 9 others] a4th ed. aBelmont :bWadsworth,c2014 axxiii, 392 p. ;c20 cm aRevised edition: 2006. 0aCollege teaching. 0aFirst year teachers. 7aCollege teaching. 7aFirst year teachers.1 aMcKeachie, Wilbert James,1 aMcKeachie, Wilbert James,